000 00726nam a2200265Ia 4500
001 Para_5079
003 CHAP
008 220125s1931 xx 000 0 und d
010 _a203586
040 _cCHAP
090 _aPA FOLLETO 2420
100 _aWiggin, W. W
_9121869
245 _aThe propagation of flowers by cuttings and seeds /
_c W. W. Wiggin
260 _aWooster, Ohio :
_b Ohio Agr. Exp. Sta.
300 _a37 p.
440 _aOhio Agr. Exp. Sta. Bull.; 487
_9169455
650 _aFlores
_x Semilla
_941408
901 _aPA FOLLETO 2420
902 _aA
905 _a0000001931 WOO 0000000000 00
910 _a1931
942 _cPARA
942 _cPARA
_d1
999 _c203586
_d203586